[Event "2MCR_3DE_2LA_2S"]
[Site "?"]
[Date "2007.??.??"]
[Round "?"]
[White "Kyhos, Alois"]
[Black "Nosek, Jaroslav"]
[Result "1-0"]
[WhiteElo "1951"]
[BlackElo "2249"]
[Annotator "052"]
[PlyCount "83"]
[EventDate "2007.??.??"]
[EventType "corr"]
[EventRounds "2"]
[SourceDate "2007.01.28"]

1. e4 c5 2. Nf3 Nc6 3. d4 cxd4 4. Nxd4 Nf6 5. Nc3 e5 6. Ndb5 d6 7. Bg5 a6 8.
Na3 b5 9. Bxf6 gxf6 10. Nd5 Bg7 11. Bd3 Ne7 12. Nxe7 Qxe7 13. c4 f5 14. O-O O-O
15. Qh5 bxc4 16. Nxc4 Rb8 17. Rae1 fxe4 18. Bxe4 f5 19. Bd5+ Kh8 20. Rd1 Rf6
21. f4 Rh6 22. Qf7 Qxf7 23. Bxf7 e4 24. Rf2 Rf6 25. Bd5 h5 26. b3 h4 27. Rc2
Bd7 28. Ne3 Bb5 29. Kf2 h3 30. g3 Bd3 31. Rc7 Rb5 32. Rc8+ Kh7 33. Bg8+ Kg6 34.
Rg1 Rc5 35. Rd8 Rf8 36. Rxf8 Bxf8 37. g4 Be7 38. gxf5+ Kh5 39. Bf7+ Kh6 40.
Rg6+ Kh7 41. Kg3 Bb5 42. Nd5 1-0

[Event "2MCR_3DE_2LA_2S"]
[Site "?"]
[Date "2007.??.??"]
[Round "?"]
[White "Nosek, Jaroslav"]
[Black "Kyhos, Alois"]
[Result "0-1"]
[WhiteElo "2249"]
[BlackElo "1951"]
[Annotator "053"]
[PlyCount "84"]
[EventDate "2007.??.??"]
[EventType "corr"]
[EventRounds "2"]
[SourceDate "2007.01.28"]

1. d4 Nf6 2. Bg5 Ne4 3. Bf4 c5 4. f3 Qa5+ 5. c3 Nf6 6. Nd2 cxd4 7. Nb3 Qb6 8.
Qxd4 Nc6 9. Qxb6 axb6 10. Be3 b5 11. Nd4 Nd5 12. Bf2 Nxd4 13. cxd4 Nb4 14. Kd2
d5 15. a3 Bd7 16. e4 e6 17. Rc1 Na6 18. exd5 exd5 19. b4 Nb8 20. Rc3 Be7 21.
Ne2 O-O 22. Nf4 Bc6 23. Be2 Nd7 24. Re1 Nb6 25. Bd3 Bf6 26. Kd1 g6 27. Re2 Rfd8
28. Ra2 Nc4 29. h4 Ra6 30. g4 Rda8 31. Re2 Nxa3 32. g5 Bg7 33. Bc2 Nc4 34. Rb3
Ra1+ 35. Rb1 Bf8 36. Be1 Bd6 37. Nd3 Bd7 38. Bc3 Rxb1+ 39. Bxb1 Bf5 40. Bb2 Bg3
41. Kc1 Bxh4 42. f4 Rc8 0-1

[Event "2MCR_3DE_2LA_3S"]
[Site "?"]
[Date "2007.??.??"]
[Round "?"]
[White "Kelbl, Jiri"]
[Black "Cakl, Miloslav"]
[Result "0-1"]
[WhiteElo "1656"]
[BlackElo "2024"]
[Annotator "046"]
[PlyCount "80"]
[EventDate "2007.??.??"]
[EventType "corr"]
[EventRounds "2"]
[SourceDate "2007.01.28"]

1. e4 c5 2. Nf3 d6 3. Bb5+ Nc6 4. O-O Bg4 5. h3 Bh5 6. c3 Nf6 7. Bxc6+ bxc6 8.
d3 e5 9. Bg5 Qb6 10. b3 Qa6 11. Qe2 Nd7 12. Nbd2 f6 13. Be3 d5 14. g4 Bg6 15.
Rfe1 d4 16. cxd4 cxd4 17. Nxd4 exd4 18. Bxd4 c5 19. Bb2 Ne5 20. Nc4 Nxc4 21.
dxc4 Be7 22. e5 f5 23. f4 O-O 24. g5 Qe6 25. Qf3 Rfd8 26. Rad1 Be8 27. Bc3 Bc6
28. Qg3 Rxd1 29. Rxd1 a5 30. Qd3 a4 31. Rd2 axb3 32. axb3 Ra7 33. Qe3 Be4 34.
Qe2 Qg6 35. Qd1 Ba8 36. Kh2 Qc6 37. Kg3 h6 38. h4 Kf8 39. Kh3 Qe4 40. Kg3 Qe3+
0-1

[Event "2MCR_3DE_2LA_1S"]
[Site "?"]
[Date "2007.??.??"]
[Round "?"]
[White "Korinek, Jaroslav"]
[Black "Majstr, Jiri"]
[Result "1/2-1/2"]
[WhiteElo "2000"]
[BlackElo "2103"]
[Annotator "048"]
[PlyCount "43"]
[EventDate "2007.??.??"]
[EventType "corr"]
[EventRounds "2"]
[SourceDate "2007.01.28"]

1. d4 Nf6 2. c4 e6 3. Nc3 Bb4 4. Nf3 c5 5. e3 O-O 6. a3 Bxc3+ 7. bxc3 d5 8. Be2
dxc4 9. Bxc4 Qc7 10. Ba2 b6 11. O-O Bb7 12. c4 Nbd7 13. Bb2 Rad8 14. Qe2 cxd4
15. exd4 Ng4 16. g3 Ngf6 17. Rac1 Qc6 18. Rc3 a6 19. Re1 Rfe8 20. Bb1 Rb8 21.
Re3 b5 22. c5 1/2-1/2

[Event "2MCR_3DE_2LA_1S"]
[Site "?"]
[Date "2007.??.??"]
[Round "?"]
[White "Majstr, Jiri"]
[Black "Korinek, Jaroslav"]
[Result "1/2-1/2"]
[WhiteElo "2103"]
[BlackElo "2000"]
[Annotator "049"]
[PlyCount "40"]
[EventDate "2007.??.??"]
[EventType "corr"]
[EventRounds "2"]
[SourceDate "2007.01.28"]

1. e4 c5 2. c3 Nf6 3. e5 Nd5 4. d4 cxd4 5. Qxd4 e6 6. Nf3 Nc6 7. Qe4 b6 8. Bd3
d6 9. O-O Bb7 10. exd6 Bxd6 11. Nbd2 Qe7 12. Nc4 Bc7 13. Bg5 f6 14. Bd2 O-O-O
15. Qe2 g5 16. Rfe1 Rhe8 17. a4 g4 18. Nd4 Nxd4 19. cxd4 Nb4 20. Be4 Nc6
1/2-1/2

[Event "2MCR_3DE_2LA_2S"]
[Site "?"]
[Date "2007.??.??"]
[Round "?"]
[White "Nosek, Jaroslav"]
[Black "Hlavacek, Ladislav"]
[Result "1/2-1/2"]
[WhiteElo "2249"]
[BlackElo "2002"]
[Annotator "054"]
[PlyCount "110"]
[EventDate "2007.??.??"]
[EventType "corr"]
[EventRounds "2"]
[SourceDate "2007.01.28"]

1. d4 Nf6 2. Bg5 Ne4 3. Bf4 g5 4. Bc1 d5 5. f3 Nd6 6. Bxg5 Bg7 7. e3 c5 8. c3
Nd7 9. Qd2 f6 10. Bh4 cxd4 11. exd4 Nf5 12. Bf2 Bh6 13. Qe2 Nb6 14. Nd2 Qc7 15.
g4 Nd6 16. Bg3 Na4 17. Nh3 Qb6 18. Nb3 Nc4 19. Bf4 Bg7 20. Bc1 Bd7 21. Rg1
O-O-O 22. Nf4 e6 23. Nh5 Rdg8 24. Qc2 Qc7 25. Bd3 Bb5 26. Bxh7 Rd8 27. Bg6 Kb8
28. f4 Bf8 29. Nxf6 Naxb2 30. g5 Na4 31. Rb1 Na3 32. Bxa3 Bxa3 33. Nc5 Bxc5 34.
Rxb5 Qxf4 35. Ng4 Bxd4 36. cxd4 Rc8 37. Rc5 Nxc5 38. dxc5 Qxg5 39. Rg3 Rh4 40.
h3 Rf8 41. Bd3 Qf4 42. Qg2 Qc1+ 43. Ke2 Rhh8 44. Ne3 Qxc5 45. Nc2 Rc8 46. Kd1
e5 47. Rg5 Rhe8 48. Qg3 Qd6 49. Bg6 Re7 50. h4 Ka8 51. h5 Rh8 52. Bf5 Qd8 53.
Bg6 Qc7 54. Bf5 a6 55. Rg8+ Re8 1/2-1/2

[Event "2MCR_3DE_2LA_1S"]
[Site "?"]
[Date "2007.??.??"]
[Round "?"]
[White "Majstr, Jiri"]
[Black "Dedina, Miroslav"]
[Result "1/2-1/2"]
[WhiteElo "2103"]
[BlackElo "2165"]
[Annotator "050"]
[PlyCount "63"]
[EventDate "2007.??.??"]
[EventType "corr"]
[EventRounds "2"]
[SourceDate "2007.01.28"]

1. Nf3 d5 2. d4 e6 3. c4 c6 4. Nc3 Nf6 5. e3 Nbd7 6. Bd3 dxc4 7. Bxc4 b5 8. Bd3
a6 9. e4 c5 10. d5 exd5 11. e5 Ng4 12. Bg5 f6 13. exf6 gxf6 14. Qe2+ Kf7 15. h3
Nh6 16. Bf4 Nb6 17. O-O b4 18. Nd1 d4 19. Nh4 Kg8 20. Rc1 Nf7 21. Re1 Ra7 22.
Nf5 h5 23. Qe4 Qd5 24. Ng3 Qxe4 25. Nxe4 Nd7 26. b3 Nfe5 27. Nb2 Kf7 28. Bc2 a5
29. Bd2 Ba6 30. f4 Ng6 31. g3 Kg7 32. Bd1 1/2-1/2

[Event "2MCR_3DE_2LA_1S"]
[Site "?"]
[Date "2007.??.??"]
[Round "?"]
[White "Dedina, Miroslav"]
[Black "Majstr, Jiri"]
[Result "1/2-1/2"]
[WhiteElo "2165"]
[BlackElo "2103"]
[Annotator "051"]
[PlyCount "72"]
[EventDate "2007.??.??"]
[EventType "corr"]
[EventRounds "2"]
[SourceDate "2007.01.28"]

1. e4 c5 2. Nf3 d6 3. d4 cxd4 4. Nxd4 Nf6 5. Nc3 a6 6. Be3 e6 7. f3 b5 8. g4 h6
9. Qd2 Nbd7 10. O-O-O Bb7 11. h4 b4 12. Nce2 d5 13. Bh3 dxe4 14. g5 hxg5 15.
hxg5 exf3 16. Nf4 Ne4 17. Qe1 Rxh3 18. Nxh3 e5 19. Nb3 Qc7 20. Kb1 a5 21. Nd2
a4 22. Nf2 Ng3 23. Rh4 Nf5 24. Rh8 a3 25. b3 Qc3 26. Nc4 Qxe1 27. Rxe1 f6 28.
gxf6 gxf6 29. Bd2 O-O-O 30. Rd1 e4 31. Bf4 Bc6 32. Rh5 Ng7 33. Rh7 Ne6 34. Bd6
Ng5 35. Rh4 Nc5 36. Rh8 Nce6 1/2-1/2

[Event "2MCR_3DE_2LA_1S"]
[Site "?"]
[Date "2007.??.??"]
[Round "?"]
[White "Brichacek, Milan"]
[Black "Bubenicek, Miloslav"]
[Result "1-0"]
[WhiteElo "2215"]
[BlackElo "1805"]
[Annotator "052"]
[PlyCount "31"]
[EventDate "2007.??.??"]
[EventType "corr"]
[EventRounds "2"]
[SourceDate "2007.01.28"]

1. e4 d6 2. d4 Nf6 3. Nc3 g6 4. Nf3 Bg7 5. Be2 O-O 6. O-O c6 7. a4 Bg4 8. h3
Bxf3 9. Bxf3 Nbd7 10. a5 e5 11. d5 Rc8 12. Be3 a6 13. dxc6 Rxc6 14. Qd2 Qc8 15.
g4 Rd8 16. g5 1-0

[Event "2MCR_3DE_2LA_2S"]
[Site "?"]
[Date "2007.??.??"]
[Round "?"]
[White "Nosek, Jaroslav"]
[Black "Majstrova, Alzbeta"]
[Result "1/2-1/2"]
[WhiteElo "2249"]
[BlackElo "1800"]
[Annotator "055"]
[PlyCount "72"]
[EventDate "2007.??.??"]
[EventType "corr"]
[EventRounds "2"]
[SourceDate "2007.01.28"]

1. d4 Nf6 2. c4 e6 3. Nf3 d5 4. Nc3 Be7 5. Bg5 O-O 6. Rc1 Nbd7 7. e3 c6 8. Bd3
dxc4 9. Bxc4 b6 10. O-O Bb7 11. Qe2 Nh5 12. Bxe7 Qxe7 13. Rfd1 Rfd8 14. Rc2
Nhf6 15. Ba6 Bxa6 16. Qxa6 e5 17. Qb7 Qe6 18. dxe5 Nxe5 19. Nxe5 Rxd1+ 20. Nxd1
Rd8 21. Rc1 Qxe5 22. Qxc6 h6 23. h3 Rd2 24. Qa8+ Kh7 25. Qxa7 Qd6 26. Nc3 Rxb2
27. Qa6 Qd2 28. Qf1 b5 29. a3 Rb3 30. Nb1 Qb2 31. Rd1 Ne4 32. f3 Ng3 33. Qf2
Nf5 34. Re1 Qxf2+ 35. Kxf2 Rb2+ 36. Kf1 Nh4 1/2-1/2

[Event "2MCR_3DE_2LA_2S"]
[Site "?"]
[Date "2007.??.??"]
[Round "?"]
[White "Majstrova, Alzbeta"]
[Black "Nosek, Jaroslav"]
[Result "0-1"]
[WhiteElo "1800"]
[BlackElo "2249"]
[Annotator "056"]
[PlyCount "58"]
[EventDate "2007.??.??"]
[EventType "corr"]
[EventRounds "2"]
[SourceDate "2007.01.28"]

1. d4 Nf6 2. Nf3 e6 3. Nc3 d5 4. Bg5 Bb4 5. e3 c5 6. Bb5+ Bd7 7. Be2 Qa5 8. O-O
Bxc3 9. bxc3 Ne4 10. c4 dxc4 11. Bxc4 cxd4 12. Bh4 dxe3 13. Qd4 exf2+ 14. Kh1
Nf6 15. Qxf2 Qc3 16. Bd3 Bc6 17. Nd4 Nbd7 18. Nxc6 Qxc6 19. Qg3 O-O-O 20. Rab1
Rhg8 21. Qe3 Nc5 22. Bg3 a6 23. Qe5 Nfd7 24. Qe1 f6 25. Be2 Ne4 26. Bf3 Ndc5
27. Kg1 Rd4 28. Bf2 Ra4 29. c4 f5 0-1

[Event "2MCR_3DE_2LA_1S"]
[Site "?"]
[Date "2007.??.??"]
[Round "?"]
[White "Brichacek, Milan"]
[Black "Majstr, Jiri"]
[Result "1-0"]
[WhiteElo "2215"]
[BlackElo "2103"]
[Annotator "053"]
[PlyCount "89"]
[EventDate "2007.??.??"]
[EventType "corr"]
[EventRounds "2"]
[SourceDate "2007.01.28"]

1. d4 Nf6 2. c4 e6 3. Nc3 Bb4 4. a3 Bxc3+ 5. bxc3 c5 6. e3 Nc6 7. Bd3 O-O 8.
Nf3 d6 9. e4 e5 10. d5 Ne7 11. Nh4 Ng6 12. Nf5 Nf4 13. O-O Bxf5 14. exf5 Qa5
15. Qc2 Rab8 16. Re1 a6 17. a4 Rfe8 18. Bf1 N4h5 19. Bg5 h6 20. Bd2 Kh8 21. Qd1
Qc7 22. Bd3 b6 23. Bc2 Kg8 24. Qf3 Qb7 25. g4 Nf4 26. h4 Qc7 27. Bxf4 exf4 28.
Qxf4 Rxe1+ 29. Rxe1 Re8 30. Rxe8+ Nxe8 31. Qe3 Kf8 32. g5 hxg5 33. hxg5 Qe7 34.
Qxe7+ Kxe7 35. f4 Nc7 36. Kf2 b5 37. axb5 axb5 38. Bb3 b4 39. Ke3 bxc3 40. Kd3
Na6 41. Kxc3 Nb4 42. Ba4 Kd8 43. Kd2 Ke7 44. Bb3 Na6 45. Ke3 1-0

[Event "2MCR_3DE_2LA_3S"]
[Site "?"]
[Date "2007.??.??"]
[Round "?"]
[White "Kelbl, Jiri"]
[Black "Stika, Vaclav"]
[Result "0-1"]
[WhiteElo "1656"]
[BlackElo "2150"]
[Annotator "047"]
[PlyCount "116"]
[EventDate "2007.??.??"]
[EventType "corr"]
[EventRounds "2"]
[SourceDate "2007.01.28"]

1. e4 e5 2. Nf3 Nc6 3. Bb5 a6 4. Ba4 Nf6 5. O-O Nxe4 6. d4 b5 7. Bb3 d5 8. dxe5
Be6 9. Qe2 Be7 10. Rd1 O-O 11. c4 bxc4 12. Bxc4 Qd7 13. Nc3 Nxc3 14. bxc3 Na5
15. Bd3 c5 16. Bg5 Bg4 17. Bxe7 Qxe7 18. Re1 Nc6 19. h3 Bh5 20. g4 Bg6 21. Bxa6
Be4 22. Bd3 f5 23. exf6 Qxf6 24. Bxe4 dxe4 25. Nd2 Ne5 26. Qxe4 Rad8 27. Re2
Nd3 28. Qc4+ Kh8 29. Ne4 Qf4 30. Qb5 Rfe8 31. Qb6 Rb8 32. Qa6 Ne5 33. Nd2 h6
34. a4 Rb2 35. Qd6 Rxd2 36. Rxd2 Nf3+ 37. Kg2 Nh4+ 38. Kg1 Qe4 39. Qd5 Nf3+ 40.
Kg2 Nxd2+ 41. Qxe4 Nxe4 42. Re1 Nd6 43. Rxe8+ Nxe8 44. f4 Kg8 45. Kf3 Kf7 46.
Ke4 Ke6 47. f5+ Kd6 48. a5 Nf6+ 49. Kd3 Kc6 50. Kc4 Ne4 51. Kd3 Nf2+ 52. Kc4
Nxh3 53. a6 Nf2 54. a7 Kb7 55. Kxc5 Nxg4 56. Kd5 h5 57. Ke4 h4 58. Kf3 h3 0-1

[Event "2MCR_3DE_2LA_1S"]
[Site "?"]
[Date "2007.??.??"]
[Round "?"]
[White "Brichacek, Milan"]
[Black "Dedina, Miroslav"]
[Result "0-1"]
[WhiteElo "2215"]
[BlackElo "2165"]
[Annotator "054"]
[PlyCount "118"]
[EventDate "2007.??.??"]
[EventType "corr"]
[EventRounds "2"]
[SourceDate "2007.01.28"]

1. d4 d5 2. c4 e6 3. Nc3 c6 4. e3 Nf6 5. Qc2 Nbd7 6. Bd2 b6 7. cxd5 exd5 8. Bd3
Be7 9. Nf3 Bb7 10. O-O O-O 11. Ne5 c5 12. f4 Nb8 13. Rf3 Nc6 14. Rh3 h6 15. Bf5
Bd6 16. Nxc6 Bxc6 17. dxc5 Bxc5 18. Ne2 Bd7 19. Bc3 Bxf5 20. Qxf5 Re8 21. Be5
Qd7 22. Qxd7 Nxd7 23. Bd4 Bxd4 24. Nxd4 Rac8 25. Rd1 Nf6 26. Kf2 g6 27. Kf3 h5
28. Ke2 Rc4 29. a3 Kg7 30. f5 g5 31. Rf3 h4 32. g3 g4 33. Rf4 hxg3 34. hxg3 Rh8
35. Kd3 Rh3 36. b3 Rc8 37. Ne2 Kh6 38. Rdf1 Kg5 39. Rd4 Rh2 40. b4 Rg2 41. a4
Rh8 42. Nf4 Rxg3 43. Nxd5 Re8 44. Re1 Nxd5 45. Rxd5 Re7 46. Kd4 f6 47. a5 bxa5
48. Rxa5 Rf3 49. e4 g3 50. Ra6 Kf4 51. Rxf6 g2 52. Rg1 Rd7+ 53. Kc5 Rg7 54. Rg6
Rxg6 55. fxg6 Rg3 56. Kd5 Ke3 57. e5 Kf2 58. Rxg2+ Rxg2 59. e6 Rxg6 0-1

[Event "2MCR_3DE_2LA_3S"]
[Site "?"]
[Date "2007.??.??"]
[Round "?"]
[White "Koci, Vladimir"]
[Black "Stika, Vaclav"]
[Result "1/2-1/2"]
[WhiteElo "2098"]
[BlackElo "2150"]
[Annotator "048"]
[PlyCount "116"]
[EventDate "2007.??.??"]
[EventType "corr"]
[EventRounds "2"]
[SourceDate "2007.01.28"]

1. d4 d5 2. Nf3 Nf6 3. c4 e6 4. e3 dxc4 5. Bxc4 c5 6. O-O a6 7. Nbd2 Nc6 8.
dxc5 Bxc5 9. a3 b5 10. Ba2 Be7 11. Qe2 O-O 12. b3 Qd5 13. Bb2 Bb7 14. Rac1 e5
15. Bb1 e4 16. Nd4 Nxd4 17. Bxd4 Qe6 18. b4 Rfc8 19. Rxc8+ Rxc8 20. Qd1 Re8 21.
Nb3 Nd7 22. Ba2 Qf5 23. Na5 Ba8 24. Qa1 Bd6 25. Bxg7 Ne5 26. Bxe5 Bxe5 27. Qd1
Kh8 28. Nb3 Qg6 29. h3 Rg8 30. Qg4 Qf6 31. Qh5 Rg5 32. Qd1 Qg6 33. g4 Bd5 34.
Kg2 f6 35. Nc1 Bxa2 36. Nxa2 Qg8 37. Nc1 f5 38. Qb3 Rxg4+ 39. Kh1 Rh4 40. Qxg8+
Kxg8 41. Kg2 Rh6 42. Nb3 Rg6+ 43. Kh1 Rd6 44. Rc1 Rd3 45. Rc5 Bd6 46. Rc6 f4
47. exf4 Bf8 48. Nc5 Bxc5 49. Rxc5 Rxh3+ 50. Kg2 Rxa3 51. Rc6 Kf7 52. Rh6 Kg7
53. Re6 Ra4 54. Kg3 Rxb4 55. Rxa6 Rb2 56. Re6 Rd2 57. Kg4 Kf7 58. Rb6 Rxf2
1/2-1/2

[Event "2MCR_3DE_2LA_3S"]
[Site "?"]
[Date "2007.??.??"]
[Round "?"]
[White "Cakl, Miloslav"]
[Black "Stika, Vaclav"]
[Result "1/2-1/2"]
[WhiteElo "2024"]
[BlackElo "2150"]
[Annotator "049"]
[PlyCount "127"]
[EventDate "2007.??.??"]
[EventType "corr"]
[EventRounds "2"]
[SourceDate "2007.01.28"]

1. e4 e5 2. Nc3 Nf6 3. f4 d5 4. fxe5 Nxe4 5. d3 Nxc3 6. bxc3 d4 7. Nf3 Nc6 8.
Bb2 Qe7 9. Be2 Qc5 10. Qd2 Qb6 11. Qc1 Bc5 12. a4 dxc3 13. Bxc3 a5 14. Rb1 Bb4
15. Kf1 O-O 16. Be1 Ba3 17. Rxb6 Bxc1 18. Rb1 Be3 19. c3 Rb8 20. d4 Bf5 21. Rb3
Bc2 22. Ra3 Bf5 23. Bc4 Bf4 24. Bh4 Na7 25. Ke2 b5 26. Bd3 Bg4 27. h3 Bd7 28.
g3 Bh6 29. Be7 bxa4 30. Bxf8 Kxf8 31. Rha1 Rb2+ 32. Ke1 Bc6 33. Be2 Bxf3 34.
Bxf3 Bd2+ 35. Kf1 Nb5 36. Rxa4 Bxc3 37. Rd1 Bb4 38. Raa1 Bd2 39. d5 Be3 40.
Rxa5 Nd4 41. Ra8+ Ke7 42. d6+ cxd6 43. exd6+ Kxd6 44. Ra3 Rf2+ 45. Ke1 Rxf3 46.
Rxd4+ Bxd4 47. Rxf3 f6 48. g4 Kd5 49. Rb3 Ke4 50. Rb4 h6 51. Ke2 g6 52. Rc4 h5
53. gxh5 gxh5 54. Rc7 Kf4 55. Rh7 Kg5 56. Kf3 Kh4 57. Rd7 Be5 58. Kg2 Kg5 59.
Ra7 f5 60. Kf3 Bd4 61. Ra4 Be5 62. Ra2 Bc7 63. Ra7 Be5 64. Ra8 1/2-1/2

[Event "2MCR_3DE_2LA_3S"]
[Site "?"]
[Date "2007.??.??"]
[Round "?"]
[White "Stika, Vaclav"]
[Black "Cakl, Miloslav"]
[Result "1/2-1/2"]
[WhiteElo "2150"]
[BlackElo "2024"]
[Annotator "050"]
[PlyCount "119"]
[EventDate "2007.??.??"]
[EventType "corr"]
[EventRounds "2"]
[SourceDate "2007.01.28"]

1. e4 e5 2. Nf3 Nc6 3. Bb5 a6 4. Ba4 Nf6 5. O-O Be7 6. Re1 b5 7. Bb3 O-O 8. a4
b4 9. d4 d6 10. dxe5 dxe5 11. Qxd8 Rxd8 12. Bg5 Rb8 13. Nbd2 h6 14. Bxf6 Bxf6
15. Bd5 Nd4 16. Nxd4 exd4 17. Rab1 Bd7 18. b3 Re8 19. f4 Kf8 20. Nf3 Rbd8 21.
Rbd1 c5 22. Bc4 Bc8 23. e5 Be7 24. Bd3 g5 25. fxg5 Bxg5 26. Nxg5 hxg5 27. Rd2
a5 28. Rf2 Be6 29. h3 Ke7 30. Ref1 Rg8 31. Bc4 Bxc4 32. bxc4 Rdf8 33. Rf5 g4
34. h4 g3 35. h5 Rh8 36. R1f3 Ke6 37. Rf6+ Kxe5 38. R6f5+ Ke6 39. Rxc5 Rc8 40.
Rxc8 Rxc8 41. Rxg3 Rxc4 42. h6 Rc8 43. h7 Rh8 44. Rh3 Kf6 45. Rh5 Kg6 46. Rxa5
Rxh7 47. Rb5 f5 48. Rxb4 Rc7 49. Rb2 Ra7 50. Ra2 Ra5 51. Kf2 Kf6 52. Ke2 Ke5
53. Kd3 Kd5 54. c4+ dxc3 55. Kxc3 Kc5 56. Kd3 Kd5 57. Ke3 Ke5 58. Kf3 Kd5 59.
Kf4 Ke6 60. g3 1/2-1/2

[Event "2MCR_3DE_2LA_3S"]
[Site "?"]
[Date "2007.??.??"]
[Round "?"]
[White "Cakl, Miloslav"]
[Black "Koci, Vladimir"]
[Result "1/2-1/2"]
[WhiteElo "2024"]
[BlackElo "2098"]
[Annotator "051"]
[PlyCount "108"]
[EventDate "2007.??.??"]
[EventType "corr"]
[EventRounds "2"]
[SourceDate "2007.01.28"]

1. e4 c5 2. Nf3 d6 3. d4 cxd4 4. Nxd4 Nf6 5. Nc3 e6 6. Be2 Be7 7. Be3 O-O 8.
O-O Bd7 9. f4 Nc6 10. Qe1 Nxd4 11. Bxd4 Qc7 12. e5 dxe5 13. fxe5 Bc5 14. Qf2
Bxd4 15. Qxd4 Nd5 16. Nxd5 exd5 17. Bd3 Qb6 18. Qxb6 axb6 19. a3 Rfe8 20. Rae1
Re7 21. Rf2 Rae8 22. Ref1 b5 23. h3 h6 24. c3 Rf8 25. Re1 Rfe8 26. Rfe2 Bc6 27.
Kf2 g6 28. Bc2 Kg7 29. g4 g5 30. Kg3 Bd7 31. Bf5 Bc6 32. h4 b6 33. h5 Bb7 34.
Bd3 Bc6 35. Bc2 Re6 36. Bf5 R6e7 37. Re3 Kg8 38. R1e2 Kg7 39. Kf2 Kg8 40. Re1
Kg7 41. Bb1 Re6 42. Bc2 R6e7 43. Kg3 Re6 44. Kh2 R6e7 45. Bd3 Re6 46. Bb1 R6e7
47. Bf5 Kg8 48. Kh3 Kg7 49. R3e2 Kg8 50. Kh2 Kg7 51. Kg1 Kg8 52. Re3 Kg7 53.
Kf2 Kg8 54. Bb1 Kg7 1/2-1/2

[Event "2MCR_3DE_2LA_3S"]
[Site "?"]
[Date "2007.??.??"]
[Round "?"]
[White "Koci, Vladimir"]
[Black "Cakl, Miloslav"]
[Result "0-1"]
[WhiteElo "2098"]
[BlackElo "2024"]
[Annotator "052"]
[PlyCount "102"]
[EventDate "2007.??.??"]
[EventType "corr"]
[EventRounds "2"]
[SourceDate "2007.01.28"]

1. d4 Nf6 2. Nf3 e6 3. b3 d5 4. Bb2 c5 5. e3 cxd4 6. Nxd4 Bb4+ 7. c3 Bc5 8. Nf3
Nc6 9. Nbd2 e5 10. Bb5 e4 11. Bxc6+ bxc6 12. Ne5 Qc7 13. c4 Bd6 14. f4 exf3 15.
Ndxf3 Ne4 16. O-O f6 17. cxd5 fxe5 18. Nxe5 Bxe5 19. Qh5+ g6 20. Qxe5+ Qxe5 21.
Bxe5 Rf8 22. Rxf8+ Kxf8 23. dxc6 Ke7 24. Rd1 Bf5 25. c7 Rc8 26. h3 Be6 27. Kf1
Bd7 28. Rc1 Bb5+ 29. Ke1 Ba6 30. h4 Rf8 31. Bf4 Kd7 32. g4 Kc8 33. g5 Bb7 34.
b4 Rf5 35. a4 Rd5 36. a5 a6 37. Rc2 Rd3 38. h5 Nc3 39. hxg6 hxg6 40. Kf2 Nd5
41. Rc4 Rb3 42. Re4 Kd7 43. Rd4 Rxb4 44. Rd1 Ke6 45. Rc1 Nxf4 46. c8=Q+ Bxc8
47. Rxc8 Kd7 48. Ra8 Nd3+ 49. Ke2 Nc5 50. Rg8 Rb5 51. Rg7+ Kd6 0-1

[Event "2MCR_3DE_2LA_3S"]
[Site "?"]
[Date "2007.??.??"]
[Round "?"]
[White "Zednik, Martin"]
[Black "Stika, Vaclav"]
[Result "1/2-1/2"]
[WhiteElo "2076"]
[BlackElo "2150"]
[Annotator "053"]
[PlyCount "140"]
[EventDate "2007.??.??"]
[EventType "corr"]
[EventRounds "2"]
[SourceDate "2007.01.28"]

1. e4 c5 2. Nf3 d6 3. d4 cxd4 4. Nxd4 Nf6 5. Nc3 a6 6. Be3 e5 7. Nb3 Be7 8. f3
Be6 9. Qd2 O-O 10. O-O-O Nbd7 11. g4 Qc7 12. Kb1 b5 13. g5 Nh5 14. Nd5 Bxd5 15.
Qxd5 Nb6 16. Qd2 Rac8 17. c3 Nc4 18. Bxc4 bxc4 19. Na1 d5 20. exd5 Rfd8 21.
Rhe1 Rb8 22. Qc2 Ba3 23. Bc1 Nf4 24. Qa4 Bxb2 25. Bxb2 Nxd5 26. Qc2 Nf4 27. Nb3
Rxd1+ 28. Qxd1 Nd3 29. Re2 Nxb2 30. Kxb2 a5 31. Qd5 a4 32. Qxe5 Qc8 33. Re4
axb3 34. axb3 cxb3 35. Qf4 Qf8 36. h4 Ra8 37. Rb4 Qe8 38. Kxb3 Qe6+ 39. c4 Qe8
40. Rb5 Qf8 41. Kc2 Rd8 42. Qe3 Rc8 43. c5 Re8 44. Qf4 Qe7 45. Qe4 Qd8 46. Qd3
Qc7 47. Kb3 Kh8 48. Qd6 Qa7 49. Qd4 Qa6 50. Rb6 Qe2 51. Qc3 Ra8 52. Kb4 Qa2 53.
Qb3 Qd2+ 54. Kc4 Rc8 55. Qb2 Qf4+ 56. Kb5 Qxf3 57. Qd4 Qb3+ 58. Qb4 Qd3+ 59.
Qc4 Qb1+ 60. Ka5 Ra8+ 61. Ra6 Qa1+ 62. Kb6 Qb2+ 63. Ka5 Rc8 64. Rb6 Qd2+ 65.
Kb5 Kg8 66. Rb7 Qb2+ 67. Qb4 Qg2 68. Rb6 Qe2+ 69. Qc4 Qb2+ 70. Qb4 Qa2 1/2-1/2

[Event "2MCR_3DE_2LA_3S"]
[Site "?"]
[Date "2007.??.??"]
[Round "?"]
[White "Koci, Vladimir"]
[Black "Zednik, Martin"]
[Result "1/2-1/2"]
[WhiteElo "2098"]
[BlackElo "2076"]
[Annotator "054"]
[PlyCount "153"]
[EventDate "2007.??.??"]
[EventType "corr"]
[EventRounds "2"]
[SourceDate "2007.01.28"]

1. d4 d5 2. Nf3 Nf6 3. c4 e6 4. e3 c5 5. cxd5 exd5 6. Bb5+ Nc6 7. O-O Bd6 8.
dxc5 Bxc5 9. Qc2 Qd6 10. a3 O-O 11. b4 Bb6 12. Bb2 Bg4 13. Nbd2 Rfc8 14. Qd3
Ne7 15. e4 Bd7 16. Bxd7 Nxd7 17. Rad1 Bc7 18. Nb3 Nb6 19. Rfe1 Qg6 20. Nc5 Rab8
21. Be5 Bxe5 22. Nxe5 Qd6 23. exd5 Nexd5 24. Nc4 Qc6 25. Na5 Qc7 26. Qf3 h6 27.
g3 Rd8 28. Rc1 Re8 29. Red1 Rec8 30. Kg2 Qe7 31. Rxd5 Nxd5 32. Qxd5 Qg5 33.
Qxg5 hxg5 34. Nc4 b6 35. Na6 Rb7 36. b5 Re7 37. Rc2 Re4 38. Ne3 Rxc2 39. Nxc2
Re5 40. a4 Re4 41. Nab4 g4 42. h3 gxh3+ 43. Kxh3 g5 44. g4 Rc4 45. Kg3 Kh7 46.
f3 f6 47. Kf2 Rc3 48. Ke2 Kg6 49. Nd4 Ra3 50. Ndc6 Rxa4 51. Na6 Ra2+ 52. Kd3
Ra3+ 53. Ke4 Ra4+ 54. Kd5 Ra3 55. Nd4 Ra4 56. Nc7 Kf7 57. Na6 Kg6 58. Nc6 Ra3
59. Ke4 Ra4+ 60. Ke3 Ra3+ 61. Kf2 Ra2+ 62. Kg3 Ra4 63. Nxa7 Ra5 64. Kf2 Ra2+
65. Ke3 Ra3+ 66. Ke4 Ra4+ 67. Kd5 Ra3 68. Nc8 Rxf3 69. Ne7+ Kf7 70. Nf5 Rc3 71.
Kd6 Kg6 72. Nc7 Rc4 73. Ne3 Rc5 74. Kd7 f5 75. Nxf5 Rxf5 76. gxf5+ Kxf5 77. Nd5
1/2-1/2

[Event "2MCR_3DE_2LA_3S"]
[Site "?"]
[Date "2007.??.??"]
[Round "?"]
[White "Cakl, Miloslav"]
[Black "Zednik, Martin"]
[Result "1/2-1/2"]
[WhiteElo "2024"]
[BlackElo "2076"]
[Annotator "055"]
[PlyCount "140"]
[EventDate "2007.??.??"]
[EventType "corr"]
[EventRounds "2"]
[SourceDate "2007.01.28"]

1. e4 e5 2. Nf3 Nc6 3. Bc4 Bc5 4. b4 Bxb4 5. c3 Ba5 6. d4 exd4 7. O-O Nge7 8.
Ng5 d5 9. exd5 Ne5 10. Qxd4 N7g6 11. Re1 O-O 12. Rxe5 Nxe5 13. Qxe5 Re8 14. Qf4
Re1+ 15. Bf1 Qxd5 16. Bd2 Re7 17. Nf3 Qf5 18. Qh4 Re8 19. Na3 c6 20. Qg3 Qg6
21. Qxg6 hxg6 22. Nc4 Bc7 23. a4 Bg4 24. Nd4 Rad8 25. Be3 Rd5 26. h3 Bd7 27. a5
c5 28. Nb3 b6 29. axb6 axb6 30. Ra7 Bd8 31. Bf4 Bc6 32. Ra1 g5 33. Bh2 Re6 34.
g4 Bb7 35. Ne3 Rd7 36. Bb5 Bc6 37. Bxc6 Rxc6 38. c4 Re6 39. Kf1 Rd3 40. Nc1 Rd7
41. Ra3 Kh7 42. Nd3 f6 43. Rb3 Kg8 44. Nd5 Ra7 45. Kg2 Ra2 46. Kf3 Kf7 47. Bg3
Ra7 48. Rc3 Ra5 49. h4 gxh4 50. Bxh4 g5 51. Bg3 Ra2 52. Rb3 Rd2 53. Nb2 Rd4 54.
Ne3 Rd7 55. Na4 Kg6 56. Nd5 Ra7 57. Nac3 f5 58. gxf5+ Kxf5 59. Ne3+ Kg6 60. Kg4
Ra1 61. Ned5 Rc6 62. Ne4 Rc1 63. Rc3 Rd1 64. f3 Re6 65. Rc2 Re8 66. Bf2 Rh1 67.
Ra2 Rc1 68. Ra4 Rc2 69. Bg3 Rf8 70. f4 gxf4 1/2-1/2

[Event "2MCR_3DE_2LA_1S"]
[Site "?"]
[Date "2007.??.??"]
[Round "?"]
[White "Majstr, Jiri"]
[Black "Bubenicek, Miloslav"]
[Result "1-0"]
[WhiteElo "2103"]
[BlackElo "1805"]
[Annotator "055"]
[PlyCount "47"]
[EventDate "2007.??.??"]
[EventType "corr"]
[EventRounds "2"]
[SourceDate "2007.01.28"]

1. e4 d6 2. d4 Nf6 3. Nc3 g6 4. f4 Bg7 5. Nf3 O-O 6. Bd3 Bg4 7. h3 Bxf3 8. Qxf3
Nc6 9. Be3 e5 10. fxe5 dxe5 11. d5 Nd4 12. Qf2 c5 13. dxc6 Nxc6 14. O-O Nd7 15.
Rad1 Qc7 16. Nb5 Qa5 17. Bc4 Nf6 18. Qh4 Qb4 19. Nd6 Rad8 20. a3 Qxb2 21. Rxf6
Qxa3 22. Nxf7 Rxd1+ 23. Kh2 Rxf7 24. Rxf7 1-0